000
00362nam a2200133Ia 4500
008
100328s9999 xx 000 0 und d
082
_b
50127
100
_a
राजगुरु अनिता
245
_a
डंबेल्स
260
_b
स्पोर्टस
630
_a
डंबेल्स
730
_a
डंबेल्स
942
_c
BOOK
999
_c
537328
_d
537325